|
|
|
|
| LEADER |
00000nam0a2200000 4500 |
| 001 |
363399 |
| 005 |
20231102011603.0 |
| 035 |
|
|
|a (RuTPU)RU\TPU\retro\20746
|
| 090 |
|
|
|a 363399
|
| 100 |
|
|
|a 20210929d1963 m y0frey50 ba
|
| 101 |
0 |
|
|a fre
|
| 102 |
|
|
|a CH
|
| 105 |
|
|
|a a j 001zy
|
| 200 |
1 |
|
|a Cours de Chimie et Èlements de Chimie Nucleaire
|f D. Monnier, J. Hochstaetter
|
| 205 |
|
|
|a 6th ed.
|
| 210 |
|
|
|a Geneva
|c Libraire de L'Universite Georg et Cie S. A/
|d 1963
|
| 215 |
|
|
|a 330 p.
|c il.
|
| 320 |
|
|
|a Index: p. 309-313
|
| 606 |
1 |
|
|a Химия
|2 stltpush
|3 (RuTPU)RU\TPU\subj\17362
|9 43035
|
| 606 |
1 |
|
|a Ядерная химия
|2 stltpush
|3 (RuTPU)RU\TPU\subj\21568
|9 46532
|
| 610 |
1 |
|
|a атомы
|
| 610 |
1 |
|
|a молекулы
|
| 610 |
1 |
|
|a структура
|
| 610 |
1 |
|
|a химические реакции
|
| 610 |
1 |
|
|a уравнения
|
| 610 |
1 |
|
|a задачи
|
| 610 |
1 |
|
|a упражнения
|
| 610 |
1 |
|
|a решения
|
| 610 |
1 |
|
|a минералы
|
| 610 |
1 |
|
|a химические элементы
|
| 610 |
1 |
|
|a периодическая система
|
| 610 |
1 |
|
|a металлы
|
| 610 |
1 |
|
|a полуметаллы
|
| 610 |
1 |
|
|a металлургические процессы
|
| 610 |
1 |
|
|a радиоактивные элементы
|
| 610 |
1 |
|
|a радиоактивность
|
| 610 |
1 |
|
|a ядерная энергия
|
| 610 |
1 |
|
|a изотопы
|
| 610 |
1 |
|
|a химическое равновесие
|
| 610 |
1 |
|
|a катализ
|
| 610 |
1 |
|
|a растворы
|
| 610 |
1 |
|
|a органические вещества
|
| 610 |
1 |
|
|a соединения
|
| 610 |
1 |
|
|a промышленная химия
|
| 610 |
1 |
|
|a топливо
|
| 610 |
1 |
|
|a горючие
|
| 610 |
1 |
|
|a смазочные материалы
|
| 610 |
1 |
|
|a французский язык
|
| 610 |
1 |
|
|a учебные пособия
|
| 675 |
|
|
|a 54(075.8)
|v 4
|
| 675 |
|
|
|a 544.58(075.8)
|v 4
|
| 700 |
|
1 |
|a Monnier
|b D.
|g Denys
|
| 701 |
|
1 |
|a Hochstaetter
|b J.
|g Jean
|
| 801 |
|
1 |
|a RU
|b 63413507
|c 20210929
|
| 942 |
|
|
|c BK
|